书目信息 |
| 题名: |
释迦牟尼
|
|
| 作者: | 郑孝时 编著 | |
| 分册: | ||
| 出版信息: | 沈阳 辽海出版社 1998.10 |
|
| 页数: | 225页 | |
| 开本: | 20cm | |
| 丛书名: | 布老虎传记文库·巨人百传丛书 | |
| 单 册: | ||
| 中图分类: | B979.9 | |
| 科图分类: | ||
| 主题词: | 思想家--si xiang jia--传记 | |
| 电子资源: | ||
| ISBN: | 7-80638-750-1 | |
| 000 | 00837nam 2200253 450 | |
| 001 | 010230391890 | |
| 005 | 20081229154836.87 | |
| 010 | @a7-80638-750-1@dCNY27.00 | |
| 100 | @a20051008d1998 km y0chiy0120 ea | |
| 101 | 0 | @achi |
| 102 | @aCN@b210000 | |
| 105 | @ay z 000yb | |
| 200 | 1 | @a释迦牟尼@Ashi jia mu ni@f郑孝时编著@Fzheng xiao shi bian zhu |
| 210 | @a沈阳@c辽海出版社@d1998.10 | |
| 215 | @a225页@d20cm | |
| 225 | 2 | @a布老虎传记文库·巨人百传丛书@Abu lao hu zhuan ji wen ku·ju ren bai chuan cong shu@i思想家卷 |
| 330 | @a本书介绍了关于著名人物释迦牟尼的一生的情况。 | |
| 410 | 0 | @12001 @a布老虎传记文库·巨人百传丛书 |
| 410 | 0 | @12001 @a思想家卷 |
| 606 | 0 | @a思想家@Asi xiang jia@x传记 |
| 690 | @aB979.9@v4 | |
| 701 | 0 | @a郑孝时@Azheng xiao shi@4编著 |
| 801 | 0 | @aCN@bRULIN@c20081229 |
| 905 | @aZUCC@dB979.9@eS618 | |
| 释迦牟尼/郑孝时编著.-沈阳:辽海出版社,1998.10 |
| 225页;20cm.-(布老虎传记文库·巨人百传丛书.思想家卷) |
| ISBN 7-80638-750-1:CNY27.00 |
| 本书介绍了关于著名人物释迦牟尼的一生的情况。 |
| ● |
| 相关链接 |
|
|
|
正题名:释迦牟尼
索取号:B979.9/S618
 
预约/预借
| 序号 | 登录号 | 条形码 | 馆藏地/架位号 | 状态 | 备注 |